000 00421ntaaa2200181 4500
003 01
005 20251027201303.0
008 0714s1973 ag 01
040 _aAR-BaBN
_bspa
_cAR-BaBN
_eaacr
_dRIC
082 _a221.1700 B17
100 _aBaker, J. D.
_911017
245 _aTabernáculo en el Desierto
250 _a1 ed.
260 _as.l.,
_cc/946
300 _a21 p.
500 _aEjemplar a mimeógrafo
942 _cBK
999 _c7245
_d7245